Options appraisal for the Royal Commission on the Ancient and Historical Monuments of Scotland (RCAHMS) (Record no. 83597)

MARC details
000 -LEADER
fixed length control field 01009cad a22002055a 4500
001 - CONTROL NUMBER
control field E154368
008 - FIXED-LENGTH DATA ELEMENTS--GENERAL INFORMATION
fixed length control field 111121e20111117xxk 000 0 eng d
035 ## - SYSTEM CONTROL NUMBER
System control number (Sirsi) u154368
041 0# - LANGUAGE CODE
Language code of text/sound track or separate title eng
110 2# - MAIN ENTRY--CORPORATE NAME
Corporate name or jurisdiction name as entry element Historic Scotland
9 (RLIN) 2914
245 00 - TITLE STATEMENT
Title Options appraisal for the Royal Commission on the Ancient and Historical Monuments of Scotland (RCAHMS)
Medium [electronic resource]
260 ## - PUBLICATION, DISTRIBUTION, ETC.
Date of publication, distribution, etc. 2010
490 ## - SERIES STATEMENT
Series statement Historic Scotland News Release
Volume/sequential designation 17 November 2011
520 ## - SUMMARY, ETC.
Summary, etc. The Scottish Government is undertaking a strategic options appraisal on the future delivery of the functions of the Royal Commission on the Ancient and Historical Monuments of Scotland. The review will report back in early 2012.
590 ## - LOCAL NOTE (RLIN)
Local note KA
651 #4 - SUBJECT ADDED ENTRY--GEOGRAPHIC NAME
Geographic name Scotland
Chronological subdivision 1999-
690 ## - LOCAL SUBJECT ADDED ENTRY--TOPICAL TERM (OCLC, RLIN)
Topical term or geographic name as entry element BUILT ENVIRONMENT-BUILDING TYPES-ANCIENT MONUMENTS AND HISTORIC BUILDINGS
856 40 - ELECTRONIC LOCATION AND ACCESS
Uniform Resource Identifier <a href="https://www.historic-scotland.gov.uk/news_article.htm?articleid=33848">https://www.historic-scotland.gov.uk/news_article.htm?articleid=33848</a>
Public note View the news release free of charge at www.historic-scotland.gov.uk
942 ## - ADDED ENTRY ELEMENTS (KOHA)
Suppress in OPAC 0
Holdings
Withdrawn status Lost status Source of classification or shelving scheme Damaged status Not for loan Home library Current library Shelving location Date acquired Total Checkouts Full call number Barcode Date last seen Copy number Price effective from Koha item type
    Dewey Decimal Classification     Virtual Virtual Online 21/11/2011   ONLINE PUBLICATION 154368-1001 06/08/2019 1 06/08/2019 Book